[Event "Turkey IS Bank Super League 2017"]
[Site "Darica-Kocaeli"]
[Date "2017.07.26"]
[Round "1.15"]
[White "Gokerkan, Cem Kaan"]
[Black "Ozen, Deniz"]
[Result "0-1"]
[WhiteElo "2321"]
[BlackElo "2351"]
[Annotator "NA"]
[PlyCount "76"]
[EventType "team-tourn"]
[EventCountry "TUR"]
[SourceTitle "playchess.com"]
[Source "ChessBase"]
[SourceQuality "1"]
[TimeControl "40/5400+30:1800+30"]

1. e4 {[%emt 0:00:30] 477]} e6 {[%emt 0:01:00] 477]} 2. d4 {[%emt 0:00:30] 477]} d5 {[%emt 0:00:30] 477} 3. Nc3 {[%emt 0:02:30] ]47} Nf6 {[%emt 0:00:30] ]47} 4. e5 {[%emt 0:00:30] ]47} Nfd7 {[%emt 0:00:30] ]4} 5. f4 {[%emt 0:00:30] ]4} c5 {[%emt 0:00:30] ]4} 6. Nf3 {[%emt 0:00:30] ]4} Nc6 {[%emt 0:00:30] ]4} 7. Be3 {[%emt 0:00:30] ]4} Be7 {[%emt 0:00:00] ]4} 8. Qd2 {[%emt 0:00:30] ]4} O-O {[%emt 0:00:00] ]4} 9. dxc5 {[%emt 0:00:30] ]4} Nxc5 {[%emt 0:00:00] ]4} 10. O-O-O {[%emt 0:00:00] ]} Qa5 {[%emt 0:11:00] ]]} 11. Kb1 {[%emt 0:03:00] ]]} a6 {[%emt 0:07:30] ]]} 12. Nd4 {[%emt 0:08:30] ]]} Qc7 {[%emt 0:03:30] ]]} 13. Qf2 {[%emt 0:08:30] ]]} Nd7 {[%emt 0:25:30] ]]} 14. Bd3 {[%emt 0:12:30] ]]]} b5 {[%emt 0:05:30] ]]]} 15. Nxc6 {[%emt 0:10:30] ]]]} Qxc6 {[%emt 0:00:30] ]]} 16. Bd4 {[%emt 0:02:30] ]]} Nc5 {[%emt 0:02:30] ]]} 17. g4 {[%emt 0:06:30] ]]} b4 {[%emt 0:04:30] ]]]} 18. Ne2 {[%emt 0:00:30] ]]]} a5 {[%emt 0:06:30] ]]]} 19. g5 {[%emt 0:22:23]} a4 {[%emt 0:05:30] 7 [%clk 0:20:0] 37]} 20. Bxc5 {[%emt 0:05:52] cck} Qxc5 {[%emt 0:06:24] ccc} 21. Bxh7+ {[%emt 0:07:56] ccc} Kxh7 {[%emt 0:00:36] cc} 22. Qh4+ {[%emt 0:00:30] ccc} Kg8 {[%emt 0:00:30] ccc} 23. Rd3 {[%emt 0:00:00] ccc} b3 {[%emt 0:03:01] ccc} 24. Rh3 {[%emt 0:05:22] ccc} Qxc2+ {[%emt 0:00:41] ccc} 25. Ka1 {[%emt 0:00:01] ccc} f6 {[%emt 0:01:24] ccc} 26. gxf6 {[%emt 0:00:19]} Rxf6 {[%emt 0:01:12]} 27. Rc1 {[%emt 0:00:36] [%clk 0:01.44]} Rh6 {[%emt 0:05:40] %%} 28. Qxe7 {[%emt 0:00:17] % [%clk 0:02:18] 1} Rxh3 {[%emt 0:01:19] [} 29. Rxc2 {[%emt 0:00:00]} bxc2 {[%emt 0:00:30]} 30. Qd8+ {[%emt 0:00:26]} Kh7 {[%emt 0:00:30]} 31. Qc7 {[%emt 0:00:30]} Rxh2 {[%emt 0:00:30]} 32. Qxc2+ {[%emt 0:00:30]} Kh8 {[%emt 0:00:30] [%clk 0:04.51]} 33. Qd1 {[%emt 0:02:01]} Ba6 {[%emt 0:03:22]} 34. Ng3 {[%emt 0:00:30]} a3 {[%emt 0:00:30]} 35. bxa3 {[%emt 0:00:30]} Bc4 {[%emt 0:00:30]} 36. Kb1 {[%emt 0:00:30]} Rxa3 {[%emt 0:00:30]} 37. Qg1 {[%emt 0:00:30]} Bxa2+ {[%emt 0:00:30]} 38. Kc1 {[%emt 0:00:30]} Rc3+ {[%emt 0:00:18]} 0-1

[Event "Turkey IS Bank Super League 2017"]
[Site "Darica-Kocaeli"]
[Date "2017.07.26"]
[Round "1.16"]
[White "Ozbay, Ece"]
[Black "Gundogan, Sinem Cagla"]
[Result "1-0"]
[WhiteElo "1970"]
[BlackElo "2000"]
[Annotator "NA"]
[PlyCount "57"]
[EventType "team-tourn"]
[EventCountry "TUR"]
[SourceTitle "playchess.com"]
[Source "ChessBase"]
[SourceQuality "1"]
[TimeControl "40/5400+30:1800+30"]

1. e4 {[%emt 0:00:30] 71} e5 {[%emt 0:01:00] 71} 2. Nf3 {[%emt 0:07:30] 71} Nc6 {[%emt 0:00:30] 7} 3. Bb5 {[%emt 0:00:30] ]} a6 {[%emt 0:00:30] ]} 4. Bxc6 {[%emt 0:00:30] ]} dxc6 {[%emt 0:00:30]} 5. O-O {[%emt 0:00:00] ]} Bg4 {[%emt 0:00:30] ]} 6. h3 {[%emt 0:00:00] ]} h5 {[%emt 0:00:30]} 7. d3 {[%emt 0:00:00] ]} Qf6 {[%emt 0:00:30] ]} 8. Be3 {[%emt 0:00:00] ]} Bxf3 {[%emt 0:06:30]} 9. Qxf3 {[%emt 0:00:30] ]} Qxf3 {[%emt 0:00:30] ]} 10. gxf3 {[%emt 0:00:00] ]} O-O-O {[%emt 0:00:30] ]} 11. Nd2 {[%emt 0:03:00] ]} Bd6 {[%emt 0:08:30] ]} 12. Rfb1 {[%emt 0:10:30] ]} Ne7 {[%emt 0:17:30] ]} 13. b4 {[%emt 0:16:30] ]} f5 {[%emt 0:08:30] ]} 14. Nc4 {[%emt 0:02:30] ]} f4 {[%emt 0:00:30] ]} 15. Bc5 {[%emt 0:13:30] ]} g5 {[%emt 0:04:30] ]} 16. Kf1 {[%emt 0:08:30] ]} g4 {[%emt 0:15:30] ]} 17. hxg4 {[%emt 0:09:30] ]} hxg4 {[%emt 0:00:30] ]} 18. fxg4 {[%emt 0:01:30]} b5 {[%emt 0:01:30] ]} 19. Nd2 {[%emt 0:01:30] ]} Rdg8 {[%emt 0:01:30] ]} 20. Ke2 {[%emt 0:03:30] ]} Rxg4 {[%emt 0:00:30] ]} 21. Rg1 {[%emt 0:02:01] [%clk 0:16.16]} Rhg8 {[%emt 0:10:30] ]} 22. Rxg4 {[%emt 0:02:43] %} Rxg4 {[%emt 0:00:30] 6} 23. Nf3 {[%emt 0:00:30]} Ng6 {[%emt 0:00:30] 1} 24. Rh1 {[%emt 0:00:30]} Kd7 {[%emt 0:11:16]} 25. Rh7+ {[%emt 0:02:20]} Ke6 {[%emt 0:00:18]} 26. Bxd6 {[%emt 0:03:33]} Kxd6 {[%emt 0:00:30]} 27. c4 {[%emt 0:00:00]} Nf8 {[%emt 0:03:56]} 28. c5+ {[%emt 0:00:02]} Ke6 {[%emt 0:01:04]} 29. Rxc7 {[%emt 0:00:08] [%clk 0:13.02]} 1-0

[Event "Turkey IS Bank Super League 2017"]
[Site "Darica-Kocaeli"]
[Date "2017.07.26"]
[Round "1.17"]
[White "Kanmazalp, Ogulcan"]
[Black "Zhigalko, Sergei"]
[Result "0-1"]
[WhiteElo "2445"]
[BlackElo "2648"]
[Annotator "TA"]
[PlyCount "86"]
[EventType "team-tourn"]
[EventCountry "TUR"]
[SourceTitle "playchess.com"]
[Source "ChessBase"]
[SourceQuality "1"]

{[%evp 10,86,29,24,50,20,19,18,19,18,18,20,20,20,20,0,0,4,18,5,18,-9,0,-16,-17,-17,-17,-17,-14,-18,-17,-20,-18,-42,-16,-13,0,0,0,-107,-113,-127,-121,-125,-120,-161,-121,-126,-131,-114,-114,-262,-257,-276,-247,-241,-247,-284,-245,-483,-478,-711,-648,-1037,-985,-1431,-1390,-1762,-1710,-29982,-29983,-29984,-5801,-29985,-29986,-29985,-29983,-29990,-29991]} 1. Nf3 Nf6 2. c4 e6 3. g3 a6 4. Bg2 b5 5. b3 Bb7 6. Nc3 Bb4 {A13: English Opening: 1...e6} (6... b4 7. Na4 c5 8. d4 cxd4 9. Qxd4 Nc6 10. Qb6 Qxb6 11. Nxb6 Rd8 12. O-O Ne4 13. Bb2 f6 14. Rad1 Nc5 {1-0 (43) Mareco,S (2655)-Flores,D (2568) Buenos Aires 2017}) 7. Bb2 d6 8. O-O O-O {The position is equal.} 9. Qc2 bxc4 $146 ({Find the theoretical novelty and annotate with similar games:} 9... Nbd7 10. cxb5 Bxc3 11. Qxc3 axb5 12. Rfc1 c5 13. d4 Qb6 14. dxc5 Nxc5 {1-0 (47) Pigusov,E (2520)-Hodgson,J (2510) Sochi 1987}) 10. bxc4 Nbd7 11. Rab1 c5 12. a3 Ba5 13. d3 Re8 14. e4 Rb8 15. h3 Ba8 16. Nh4 Ne5 17. f4 Nc6 {White should prevent ...Nd4.} 18. Ne2 Nd7 19. Ba1 Rxb1 20. Rxb1 Qc7 21. g4 Bb6 (21... Qd8 $5 {[%cal Rd8h4]} 22. Nf3 e5 $15) 22. Nf3 Nd4 23. Nexd4 cxd4 24. Qf2 (24. Bxd4 $11 Bxd4+ 25. Nxd4) 24... e5 $17 25. f5 Bc5 26. Qa2 Qa5 27. Bb2 Rb8 28. Bc1 Rxb1 29. Qxb1 Bxa3 30. Bxa3 (30. Bd2 $17 Qa4 31. Ne1) 30... Qxa3 $19 31. f6 {[#]} g6 $1 ({Not} 31... gxf6 32. Nh4 $15) 32. g5 Bc6 33. h4 a5 34. Bh3 $2 (34. Kf2) 34... Qb4 35. Qf1 (35. Qxb4 $142 axb4 36. Kf2) 35... a4 36. h5 a3 37. hxg6 hxg6 38. Be6 a2 39. Qh3 a1=Q+ 40. Kg2 Nf8 41. Bxf7+ Kxf7 {Black mates.} 42. Qh8 Ke8 43. f7+ Kxf7 {Precision: White = 35%, Black = 75%.} 0-1

[Event "Turkey IS Bank Super League 2017"]
[Site "Darica-Kocaeli"]
[Date "2017.07.26"]
[Round "1.18"]
[White "Paichadze, Luka"]
[Black "Vorontsov, Pavlo"]
[Result "1/2-1/2"]
[WhiteElo "2581"]
[BlackElo "2510"]
[Annotator "TA"]
[PlyCount "81"]
[EventType "team-tourn"]
[EventCountry "TUR"]
[SourceTitle "playchess.com"]
[Source "ChessBase"]
[SourceQuality "1"]

{[%evp 11,81,2,5,-8,9,3,0,13,0,-33,-41,-35,-29,-44,-48,-29,-25,-65,-12,-12,-11,-12,-13,-12,-11,-29,-19,-51,0,-27,-16,-25,-18,-33,-31,-18,0,0,0,0,0,0,0,-7,18,9,18,-15,-14,-17,-15,-17,-18,-17,-17,-24,-19,-19,-19,-19,-19,-19,-15,-19,-19,-19,-22,-19,-20,-20,-16,-25]} 1. e4 e6 2. b3 d5 3. Bb2 Nf6 4. e5 Nfd7 5. f4 c5 6. Nf3 Nc6 {LiveBook: 9 Games. C00: French: Unusual White 2nd moves} 7. Bb5 (7. g3 Be7 8. Bg2 O-O 9. O-O f5 10. Kh1 b5 11. c4 bxc4 12. bxc4 Nb6 13. cxd5 Nxd5 14. Nc3 {1-0 (38) Kuipers,E (2308)-Glienke,M (2282) Leiden 2016}) 7... Qb6 8. c4 a6 9. Bxc6 $1 Qxc6 10. d3 dxc4 $146 ({Predecessor:} 10... b5 11. Nbd2 Nb6 12. Rc1 Bb7 13. O-O Be7 14. Qe1 {1-0 (49) Alekseenko,K (2114)-Subbotsky,M (1998) Varna 2009}) 11. bxc4 b5 12. Nbd2 Be7 13. O-O O-O 14. Qe1 bxc4 ({Black should play} 14... Nb6 $15) 15. Nxc4 $11 Nb6 16. Nfd2 {[%cal Bf3d2,Bd2c4,Bc4e3][%mdl 32]} Nxc4 17. Nxc4 Bb7 {[%csl Gb7][%cal Rc6g2] [#]} 18. Qg3 Rad8 {Strongly threatening ...Rxd3!} 19. Rad1 Ba8 (19... Qa4 $1 $15) 20. f5 exf5 21. e6 {[%csl Gb2][%cal Rg3g7]} f6 22. Ne3 $1 {[%cal Re3f5]} Bd6 {[#]} 23. Nxf5 $1 {[%csl Gf5][%cal Rg3g7][%mdl 512]} Bxg3 {[%csl Ga8][%cal Rc6g2]} 24. Ne7+ Kh8 {[%csl Ga8][%cal Rc6g2]} 25. Nxc6 Rde8 {aiming for ...Bc7.} 26. hxg3 {Hoping for Na5.} Bxc6 27. d4 Bd5 ({Not} 27... Rxe6 $2 28. d5 $18) 28. dxc5 Bxe6 29. a3 Bc4 30. Rf4 Bb5 31. a4 Bc6 32. Rd6 Rc8 $1 33. Rb4 h6 34. Rb6 {The position is equal.} Bxa4 35. Rxa6 Bb5 36. Ra5 $1 {[%cal Ra5b5]} Bc6 37. Bd4 Rfe8 38. Ra6 Bb5 39. Rab6 Re1+ 40. Kh2 Be8 41. Re6 {Precision: White = 61%, Black = 67%.} 1/2-1/2

[Event "Turkey IS Bank Super League 2017"]
[Site "Darica-Kocaeli"]
[Date "2017.07.26"]
[Round "1.19"]
[White "Demircioglu, Emre"]
[Black "Benidze, Davit"]
[Result "0-1"]
[WhiteElo "2265"]
[BlackElo "2515"]
[Annotator "TA"]
[PlyCount "131"]
[EventType "team-tourn"]
[EventCountry "TUR"]
[SourceTitle "playchess.com"]
[Source "ChessBase"]
[SourceQuality "1"]

{[%evp 17,131,29,40,0,-1,-13,-10,-20,-12,-16,0,-8,6,0,0,-24,20,10,0,0,20,26,51,41,54,47,44,0,0,0,0,0,0,0,0,0,-1,-5,-5,-4,-1,-17,0,-4,-7,-8,-8,-16,-4,-4,-15,-18,-13,-37,0,0,0,0,0,0,0,0,0,0,0,0,0,0,0,0,0,0,0,0,0,0,0,0,0,0,0,0,0,0,0,0,0,0,0,0,0,0,0,-8,0,0,0,0,-8,-1403,-1353,-1351,-1330,-1291,-1280,-1246,-1122,-1122,-983,-492,-17,-29968,-29969,-29984,-29978,-29986]} 1. d4 Nf6 2. c4 b6 3. Nf3 Bb7 4. e3 g6 5. Be2 Bg7 6. O-O O-O 7. Nc3 d5 8. cxd5 {D94: Grünfeld: 4 Nf3 Bg7 5 e3} Nxd5 9. Bd2 Nd7 {LiveBook: 3 Games} (9... c5 10. dxc5 Nxc3 11. Bxc3 Bxc3 12. bxc3 Nd7 13. cxb6 axb6 14. Qd4 Qc7 15. Rfb1 Ra5 {1-0 (69) Giri,A (2793)-Vachier Lagrave,M (2744) Baku 2015}) 10. Qb3 {White is slightly better.} e6 11. Qa3 $146 ({Find the theoretical novelty and annotate with similar games:} 11. Na4 e5 12. dxe5 Nxe5 13. Nxe5 Bxe5 14. Bf3 Qe7 15. Rfd1 Rfd8 16. Be1 c6 17. Rac1 Rd7 {½-½ (37) Burmakin,V (2552)-Navara,D (2647) Dubai 2005}) 11... a5 12. Nxd5 Bxd5 13. Rfd1 Re8 14. Be1 Qc8 15. Qa4 Qb7 16. Bc4 ({Reject} 16. Qxd7 Bc6 $17) 16... Bxf3 17. gxf3 c6 {aiming for ...b5.} 18. Be2 e5 19. dxe5 {Black must now prevent f4.} Bxe5 20. Rac1 Nc5 21. Qc2 Qe7 22. Bc3 Qg5+ 23. Kh1 {Threatens to win with f4.} Bxc3 24. Qxc3 Qh4 25. Kg2 Rad8 26. Qc4 Qg5+ 27. Kh1 Rxd1+ 28. Rxd1 Rd8 29. Rd4 Qf6 30. Rxd8+ Qxd8 31. Qc2 Qd5 32. b3 b5 33. Kg1 a4 {[%cal Ra4b3]} 34. b4 Nd7 35. f4 Nf6 36. Bf1 Qd6 37. a3 Nd5 38. Bg2 Ne7 39. h3 f6 40. Be4 Kf7 41. Kg2 Ke8 42. Kf1 Qe6 43. Bg2 Kd7 44. Qd3+ Kc7 45. Qc3 Nc8 (45... Qb3 $5 {[%cal Rb3c3]} 46. Qa1 Nd5 $11) 46. Kg1 Qd6 47. h4 {[%cal Bh3h4,Bh4h5][%mdl 32]} Nb6 48. Bf3 Nd7 49. h5 g5 50. fxg5 fxg5 51. Be2 Qe5 52. Qxe5+ Nxe5 $11 {[%mdl 4096] Endgame KB-KN} 53. f4 gxf4 54. exf4 Nd7 55. Kf2 Nf6 56. h6 Kb6 57. Bd3 c5 58. Ke3 $2 {[%mdl 8192]} (58. bxc5+ $11 Kxc5 59. Ke2) 58... cxb4 $19 59. axb4 a3 60. Bb1 Nd5+ $1 61. Kd4 Nxb4 62. f5 Kc7 $1 ({Avoid the trap} 62... a2 $2 63. Bxa2 $1 {[%mdl 512]} Nc6+ 64. Kd5 $18) 63. Ke5 {[#]} Nc6+ $2 ({Stronger than} 63... a2 {[#]} 64. Bxa2 $1 {[%mdl 512]} Nxa2 65. Kf6 $11) (63... Nd3+ $1 $19 {[%mdl 512]} 64. Kd4 (64. Bxd3 a2) 64... Nc1) 64. Ke6 $2 {[%mdl 8192]} (64. Kd5 $11) 64... b4 65. Ba2 Nd4+ 66. Ke5 {Precision: White = 65%, Black = 66%.} 0-1

[Event "Turkey IS Bank Super League 2017"]
[Site "Darica-Kocaeli"]
[Date "2017.07.26"]
[Round "1.20"]
[White "Soysal, Serkan"]
[Black "Kiremitciyan, Ari"]
[Result "1/2-1/2"]
[WhiteElo "2367"]
[BlackElo "2240"]
[Annotator "NA"]
[PlyCount "65"]
[EventType "team-tourn"]
[EventCountry "TUR"]
[SourceTitle "playchess.com"]
[Source "ChessBase"]
[SourceQuality "1"]
[TimeControl "40/5400+30:1800+30"]

1. Nf3 {[%emt 0:00:30] 49]%} c5 {[%emt 0:01:00] 49]%} 2. e3 {[%emt 0:00:30] 49]%} Nc6 {[%emt 0:04:30] 499} 3. d4 {[%emt 0:00:00] ]49} d5 {[%emt 0:02:30] ]49} 4. c4 {[%emt 0:02:00] ]49} cxd4 {[%emt 0:00:30] ]4} 5. cxd5 {[%emt 0:00:30] ]4} Qa5+ {[%emt 0:02:30] ]4} 6. Nbd2 {[%emt 0:15:30] ]} Qxd5 {[%emt 0:04:30] ]]} 7. Bc4 {[%emt 0:02:30] ]]} Qd8 {[%emt 0:04:30] ]]} 8. exd4 {[%emt 0:05:30] ]]} e6 {[%emt 0:04:30] ]]} 9. Ne4 {[%emt 0:05:30] ]]} Bb4+ {[%emt 0:04:30] ]]} 10. Nc3 {[%emt 0:01:30] ]]} Nf6 {[%emt 0:00:30] ]]} 11. O-O {[%emt 0:01:30] ]]} O-O {[%emt 0:00:30] ]} 12. Bg5 {[%emt 0:10:30] ]]} Be7 {[%emt 0:03:30] ]]} 13. a3 {[%emt 0:08:30] ]]} Nd5 {[%emt 0:12:30] ]]} 14. Bxd5 {[%emt 0:12:30] ]]} exd5 {[%emt 0:00:30] ]]} 15. Bxe7 {[%emt 0:00:30] ]} Nxe7 {[%emt 0:00:00] ]]} 16. Qb3 {[%emt 0:02:30] ]]} h6 {[%emt 0:07:00] ]]} 17. Rfe1 {[%emt 0:00:30] ]]} b6 {[%emt 0:01:30] ]]} 18. Rac1 {[%emt 0:04:30] ]]} a6 {[%emt 0:14:30] [%clk 0:22] ]59} 19. Ne2 {[%emt 0:14:57] kk} Bf5 {[%emt 0:19:01]} 20. Nf4 {[%emt 0:01:54]} Qd6 {[%emt 0:02:25] ]} 21. Ne5 {[%emt 0:06:04] [%clk 0:02.29] 6]} Rac8 {[%emt 0:07:29] c%} 22. h3 {[%emt 0:00:36]} Rxc1 {[%emt 0:00:30]} 23. Rxc1 {[%emt 0:00:30] [%clk 0:00.25]} Rc8 {[%emt 0:02:10]} 24. Rxc8+ {[%emt 0:02:34]} Bxc8 {[%emt 0:00:30]} 25. Qa4 {[%emt 0:00:30]} Kf8 {[%emt 0:00:30]} 26. Qc2 {[%emt 0:00:30]} Bf5 {[%emt 0:00:30]} 27. Qa4 {[%emt 0:00:30]} Bc8 {[%emt 0:00:30]} 28. Nfd3 {[%emt 0:00:30]} f6 {[%emt 0:00:30]} 29. Nf3 {[%emt 0:00:30]} a5 {[%emt 0:00:30]} 30. b4 {[%emt 0:00:30]} Bf5 {[%emt 0:00:30]} 31. Nde1 {[%emt 0:00:30]} axb4 {[%emt 0:00:30]} 32. axb4 {[%emt 0:00:30]} Kf7 {[%emt 0:00:30]} 33. b5 {[%emt 0:00:30]} 1/2-1/2

[Event "Turkey IS Bank Super League 2017"]
[Site "Darica-Kocaeli"]
[Date "2017.07.26"]
[Round "1.21"]
[White "Unuk, Laura"]
[Black "Isgandarova, Khayala"]
[Result "1-0"]
[WhiteElo "2343"]
[BlackElo "2257"]
[Annotator "NA"]
[PlyCount "58"]
[EventType "team-tourn"]
[EventCountry "TUR"]
[SourceTitle "playchess.com"]
[Source "ChessBase"]
[SourceQuality "1"]
[TimeControl "40/5400+30:1800+30"]

1. d4 {[%emt 0:00:30] 2.} Nf6 {[%emt 0:01:00] 2.} 2. c4 {[%emt 0:00:30] 2.} b6 {[%emt 0:00:30] 2.} 3. Nf3 {[%emt 0:00:30] 2.} Bb7 {[%emt 0:00:30] 2.} 4. g3 {[%emt 0:01:30] 2.} g6 {[%emt 0:00:30] 2} 5. Bg2 {[%emt 0:00:30] 22} Bg7 {[%emt 0:00:00] 22} 6. O-O {[%emt 0:06:30] 22} O-O {[%emt 0:00:00] 22} 7. Nc3 {[%emt 0:01:30] 22} Ne4 {[%emt 0:01:30] 22} 8. Bd2 {[%emt 0:01:30] 22} c5 {[%emt 0:08:30] 22} 9. e3 {[%emt 0:20:30] 22} d6 {[%emt 0:14:30] 22} 10. Rc1 {[%emt 0:00:30] 2} Na6 {[%emt 0:05:30] 22} 11. d5 {[%emt 0:08:30] 22} Nxd2 {[%emt 0:02:30] 22} 12. Nxd2 {[%emt 0:01:30] 22} Nc7 {[%emt 0:02:30] 22} 13. f4 {[%emt 0:01:30] 22} b5 {[%emt 0:07:30] 22} 14. cxb5 {[%emt 0:13:30] 22} Bxc3 {[%emt 0:17:30] 22} 15. bxc3 {[%emt 0:00:30] 22} Bxd5 {[%emt 0:00:30] 2} 16. e4 {[%emt 0:01:30] 22} Bb7 {[%emt 0:00:30] 22} 17. a4 {[%emt 0:00:30] 22} d5 {[%emt 0:04:30] 22} 18. Nb3 {[%emt 0:06:30] 22} Qd6 {[%emt 0:09:30] 22} 19. Na5 {[%emt 0:02:30] 2} Rab8 {[%emt 0:00:30] 22} 20. Nxb7 {[%emt 0:02:30] 22} Rxb7 {[%emt 0:00:30] 2} 21. exd5 {[%emt 0:00:30] ]} a5 {[%emt 0:03:28] [%clk 0:15.55]} 22. c4 {[%emt 0:07:30] 0} Na8 {[%emt 0:03:37] %%} 23. f5 {[%emt 0:00:30] 5]} Nb6 {[%emt 0:00:30]} 24. Rf4 {[%emt 0:00:30] 5} Rd7 {[%emt 0:02:53]} 25. Qd2 {[%emt 0:03:44]} Ra7 {[%emt 0:05:29]} 26. Rcf1 {[%emt 0:05:41]} Qe5 {[%emt 0:04:41]} 27. fxg6 {[%emt 0:00:30]} hxg6 {[%emt 0:00:04]} 28. Qf2 {[%emt 0:00:00] [%clk 0:10.54]} f6 {[%emt 0:04:35] c} 29. Qxc5 {[%emt 0:01:41]} Rb7 {[%emt 0:00:30] [%clk 0:00.02]} 1-0

[Event "Turkey IS Bank Super League 2017"]
[Site "Darica-Kocaeli"]
[Date "2017.07.26"]
[Round "1.22"]
[White "Yaran, Siar"]
[Black "Tirak, Mert"]
[Result "1-0"]
[WhiteElo "2253"]
[BlackElo "1909"]
[Annotator "NA"]
[PlyCount "59"]
[EventType "team-tourn"]
[EventCountry "TUR"]
[SourceTitle "playchess.com"]
[Source "ChessBase"]
[SourceQuality "1"]
[TimeControl "40/5400+30:1800+30"]

1. c4 {[%emt 0:00:30] 20]} c5 {[%emt 0:01:00] 20]} 2. Nc3 {[%emt 0:00:30] 20]} Nc6 {[%emt 0:00:30] 200} 3. g3 {[%emt 0:00:30] ]20} g6 {[%emt 0:00:30] ]20} 4. Bg2 {[%emt 0:00:30] ]2} Bg7 {[%emt 0:00:00] ]]} 5. Nf3 {[%emt 0:02:30] ]]} Nf6 {[%emt 0:01:00] ]]} 6. d4 {[%emt 0:00:30] ]]} cxd4 {[%emt 0:02:30] ]]} 7. Nxd4 {[%emt 0:00:30] ]]} O-O {[%emt 0:01:30] ]]} 8. O-O {[%emt 0:00:30] ]]} Qb6 {[%emt 0:06:30] ]]} 9. Nc2 {[%emt 0:02:30] ]]} d6 {[%emt 0:03:30] ]]} 10. b3 {[%emt 0:04:30] ]]} Qa5 {[%emt 0:19:30] ]]} 11. Qd2 {[%emt 0:18:30] ]]} Ng4 {[%emt 0:12:30] ]} 12. Bb2 {[%emt 0:04:30] ]]} Qh5 {[%emt 0:05:30] ]]} 13. h3 {[%emt 0:03:30] ]]} Nge5 {[%emt 0:04:30] ]]} 14. f4 {[%emt 0:04:30] ]]} Nd7 {[%emt 0:24:02]} 15. g4 {[%emt 0:12:30] ]]} Qc5+ {[%emt 0:03:00] ]} 16. Kh2 {[%emt 0:00:30] 8]]} Nf6 {[%emt 0:03:15] [%clk 0:04.41]} 17. Rad1 {[%emt 0:16:30] ]]} h5 {[%emt 0:05:02] c%c} 18. g5 {[%emt 0:01:30] 4]c} Ne8 {[%emt 0:03:12] ]} 19. Ne3 {[%emt 0:03:30] ]]]} a6 {[%emt 0:01:56] ]} 20. Ned5 {[%emt 0:01:30] 3]} e6 {[%emt 0:00:27]} 21. Ne4 {[%emt 0:02:32]} Qa5 {[%emt 0:00:31]} 22. Ndf6+ {[%emt 0:08:34] ]} Nxf6 {[%emt 0:00:32] [%clk 0:01.03]]} 23. Nxf6+ {[%emt 0:00:00] c%} Bxf6 {[%emt 0:00:00]} 24. Bxf6 {[%emt 0:00:00]} Qxd2 {[%emt 0:00:30]} 25. Rxd2 {[%emt 0:00:17]} d5 {[%emt 0:00:30]} 26. cxd5 {[%emt 0:00:30]} exd5 {[%emt 0:00:30] ]} 27. Bxd5 {[%emt 0:00:30] ]} Nd8 {[%emt 0:00:30] ]} 28. Bxd8 {[%emt 0:00:30] ]} Rxd8 {[%emt 0:00:30] ]} 29. Bxf7+ {[%emt 0:00:30] ]} Kxf7 {[%emt 0:00:30] ]} 30. Rxd8 {[%emt 0:00:30] ] [%clk 0:10:09]} 1-0

[Event "Turkey IS Bank Super League 2017"]
[Site "Darica-Kocaeli"]
[Date "2017.07.26"]
[Round "1.23"]
[White "Kesgin, Halit Kaan"]
[Black "Ozer, Omer Faruk"]
[Result "1-0"]
[WhiteElo "2207"]
[BlackElo "2411"]
[Annotator "TA"]
[PlyCount "89"]
[EventType "team-tourn"]
[EventCountry "TUR"]
[SourceTitle "playchess.com"]
[Source "ChessBase"]
[SourceQuality "1"]

{[%evp 17,89,29,20,3,33,16,20,-2,-8,0,31,10,14,0,2,0,0,0,0,0,87,87,93,97,104,101,105,105,112,106,106,106,112,112,124,106,106,106,106,107,108,108,126,112,112,119,115,114,106,59,66,55,60,58,79,76,91,81,87,37,50,0,154,151,147,104,1100,755,729,708,643,589,1047,930]} 1. e4 c5 2. Nf3 Nc6 3. Bb5 d6 4. O-O Bd7 5. Re1 Nf6 6. h3 e6 {B51: Sicilian: Moscow Variation (3 Bb5+) without 3...Bd7} (6... Ne5 7. Bxd7+ Nfxd7 8. Nh2 g6 9. d3 Bg7 10. Nd2 O-O 11. Ndf1 b5 12. Ng3 b4 13. f4 Nc6 14. f5 {1-0 (31) Kasimdzhanov,R (2703)-Moiseenko,A (2648) Almaty 2016}) 7. c3 d5 8. exd5 Nxd5 9. d4 cxd4 {LiveBook: 3 Games} 10. cxd4 (10. Bxc6 $5 Bxc6 11. Nxd4 $11) 10... Be7 {[%cal Bf8e7,Be7f6,Bf6d4][%mdl 32]} 11. Nc3 O-O 12. Qe2 $146 {[#] Nxd5 is the strong threat.} ({Find the theoretical novelty and annotate with similar games:} 12. Nxd5 exd5 13. Bf4 a6 14. Bxc6 Bxc6 {1-0 (55) Rozkov,N (2456)-Gorishniy,Y (2085) Nizhnij Novgorod 2009}) 12... Re8 13. Bd2 g6 14. Rac1 a6 15. Bc4 Bf6 16. Ne4 Nxd4 ({Don't go for} 16... Bxd4 $2 17. Nxd4 Nxd4 18. Qd3 $18) 17. Nxd4 Bxd4 18. Nd6 Qb6 (18... Rf8 $11 {keeps the balance.}) 19. Nxe8 $16 Rxe8 20. b3 Bc6 21. Bxd5 Bxd5 22. Be3 Rd8 23. Bxd4 Qxd4 24. Red1 Qf4 25. Qe3 Qf6 26. Rc3 Ra8 27. f3 h5 28. Qd4 Qg5 29. Rc5 Re8 30. Rdc1 Qd8 31. Kf2 Qb8 32. Qf6 Bc6 33. Re5 Rd8 34. Rce1 Qa7+ 35. Kg3 Rd2 {[#] Strongly threatening ...Qf2+.} 36. R1e2 $40 {[%mdl 128] White goes for the king.} Rd7 37. Kh4 Qb8 38. Kg5 Qf8 39. g4 Kh7 $2 (39... Rd1 $11 40. Rf2 Qd6) 40. gxh5 Qh6+ 41. Kg4 {Black must now prevent Rg5.} Qc1 $2 {[%mdl 8192]} (41... g5 $16 42. Qxh6+ Kxh6) 42. hxg6+ {White is clearly winning.} fxg6 43. Rxe6 Qg1+ 44. Kh4 {Re7+ would kill now.} Rd4+ 45. f4 {Precision: White = 56%, Black = 48%.} 1-0